| 000 | 00653nam a22002177a 4500 | ||
|---|---|---|---|
| 999 |
_c2920 _d2920 |
||
| 003 | AR-CdUCM | ||
| 008 | 190305b ||||| |||| 00| 0 spa d | ||
| 040 |
_aMUNICIPALIDAD PROVINCIAL DEL CUSCO _cBIBLIOTECA MUNICIPAL DEL CUSCO |
||
| 041 | _hpor | ||
| 082 |
_a868.8 / _bOL44 |
||
| 100 |
_aOlinto Antonio _910032 |
||
| 245 | _aLa Casa Del Agua / | ||
| 260 |
_aBuenos Aires : _bLosada ; _c1972. |
||
| 300 |
_a318 páginas _c20cm |
||
| 440 |
_aColección Novelistas de Nuestra Época _99613 |
||
| 505 | _aNovela | ||
| 650 |
_aLiteratura brasileña _92733 |
||
| 700 |
_aKovadloff, Santiago (traducción) _910033 |
||
| 942 |
_2ddc _cLIBROS |
||
| 945 | _anom | ||